000 00461nam a2200145Ia 4500
008 170725s9999 xx 000 0 und d
100 _aLei Dong
245 _aUnderstanding investors’ reliance on disclosures of nonfinancial information and mitigating mechanisms for underreliance
245 _cLei Dong
260 _c2017
300 _apages 431-454, June
440 _aAccounting and Business Research
_v47:4
500 _aCJ0032
650 _aAccounting
999 _c340849
_d340849